000 00834cam a22002531 4500
001 hew61000114
003 DLC
005 20260227111511.0
008 800125s1961 dcua b f000 0 eng c
010 _ahew61000114
035 _a(OCoLC)5914092
040 _aU.S. Dept. of Health, Education, and Welfare. Library.
_cMChB
_dInU-D
_dDLC
042 _apremarc
050 0 0 _aLB1028.5
_b.S8
082 _a371.3944
100 1 _aStolurow, Lawrence M.
245 1 0 _aTeaching by machine.
260 _a[Washington]
_bU.S. Dept. of Health, Education, and Welfare, Office of Education
_c[1961]
300 _avi, 173 p.
_billus., tables.
_c23 cm.
410 1 0 _aUnited States.
_bOffice of Education.
_tCooperative research monograph
_vno. 6
500 _a"OE-34010."
504 _aBibliography: p. 151-173.
650 0 _aTeaching machines.
999 _c34321
_d34321